| 000 | 00871nam a22002897a 4500 | ||
|---|---|---|---|
| 001 | BR9803796 | ||
| 003 | BR-BrBNA | ||
| 005 | 20230928100034.0 | ||
| 007 | ta | ||
| 008 | 230509b bl.||||| |||| 00| 0 por d | ||
| 040 |
_aBR-BrBNA _bpor _cBiblioteca Nacional de Agricultura |
||
| 041 | _a(Por) | ||
| 072 | _aE14; H01 | ||
| 090 | _ E14 BR9803796 | ||
| 100 | 1 | _aMoraes, G.A. de | |
| 100 | 1 | _aSilva Neto, P.C. da | |
| 110 | 1 |
_aSecretaria Nacional de Defesa Agropecuaria, Brasilia, DF (Brasil). Secretaria de Defesa Sanitaria Vegetal _99194 |
|
| 245 | 1 | _aProjeto de estruturacao do sistema de avisos fitossanitario no Brasil | |
| 260 | 3 |
_aBrasilia, DF (Brasil): _c1989. |
|
| 300 | _a113 p. | ||
| 500 | _a22 tables | ||
| 650 | _aDefesa Vegetal | ||
| 650 | _aDiretriz | ||
| 650 | _aPlanejamento Dirigido | ||
| 909 |
_a202309 _bLucia _c55 _dLucia Elande |
||
| 942 | _cBK | ||
| 999 |
_c60003 _d60003 |
||